| 000 | 00547nam a2200193Ia 4500 | ||
|---|---|---|---|
| 005 | 20250514122216.0 | ||
| 008 | 240825s9999 xx 000 0 und d | ||
| 020 |
_a9788132239093 _qhbk |
||
| 041 | _aeng | ||
| 082 |
_a307.76 _bJAY |
||
| 100 | _aJayaram, N | ||
| 245 | 0 |
_aSocial Dynamics of the Urban: Studies from India _c/ N. Jayaram |
|
| 250 | _a1st edition | ||
| 260 |
_bSpringer nature _c2021 _aNew delhi |
||
| 300 |
_a215 p. _c22 cm. |
||
| 504 | _aBiblio | ||
| 650 | _aSocial dynamics ; Globa l; Urban ; Rural | ||
| 942 | _cENGLISH | ||
| 999 |
_c541296 _d541296 |
||